LEADER 03465nam 2200649 450 001 9910789692003321 005 20170815145231.0 010 $a1-84545-743-9 010 $a1-84545-851-6 024 7 $a10.1515/9781845458515 035 $a(CKB)2670000000105035 035 $a(EBL)717883 035 $a(OCoLC)733040226 035 $a(SSID)ssj0000589236 035 $a(PQKBManifestationID)12198513 035 $a(PQKBTitleCode)TC0000589236 035 $a(PQKBWorkID)10651099 035 $a(PQKB)10996708 035 $a(MiAaPQ)EBC717883 035 $a(DE-B1597)636411 035 $a(DE-B1597)9781845458515 035 $a(EXLCZ)992670000000105035 100 $a20130729d2011 uy 0 101 0 $aeng 135 $aur|n|---||||| 181 $ctxt 182 $cc 183 $acr 200 00$aCentralizing fieldwork $ecritical perspectives from primatology, biological, and social anthropology /$fedited by Jeremy MacClancy and Agusti?n Fuentes 210 1$aNew York :$cBerghahn Books,$d2011. 215 $a1 online resource (308 p.) 225 1 $aStudies of the Biosocial Society ;$vvolume 4 300 $aDescription based upon print version of record. 311 $a1-84545-690-4 320 $aIncludes bibliographical references and index. 327 $aCentralizing Fieldwork; Contents; List of Figures and Tables; Acknowledgements; 1. Centralizing Fieldwork; 2. The Dos and Don'ts of Fieldwork; 3. The Anthropologist as a Primatologist; 4. Primate Fieldwork and its Human Contexts in Southern Madagascar; 5. Problem Animals or Problem People?; 6. Ecological Anthropology and Primatology; 7. Lost in Translation; 8. Measuring Meaning and Understanding in Primatological and Biological Anthropology Fieldwork; 9. Fieldwork as Research Process and Community Engagement; 10. Framing the Quantitative within the Qualitative 327 $a11. Considerations on Field Methods Used to Assess Nonhuman Primate Feeding Behaviour and Human Food Intake in Terms of Nutritional Requirements12. Anthropobiological Surveys in the Field; 13. Field Schools in Central America; 14. The Narrator's Stance; 15. Natural Homes; 16. Popularizing Fieldwork; Contributors; Index 330 $aFieldwork is a central method of research throughout anthropology, a much-valued, much-vaunted mode of generating information. But its nature and process have been seriously understudied in biological anthropology and primatology. This book is the first ever comparative investigation, across primatology, biological anthropology, and social anthropology, to look critically at this key research practice. It is also an innovative way to further the comparative project within a broadly conceived anthropology, because it does not focus on common theory but on a common method. The questions asked by 410 0$aStudies of the Biosocial Society ;$vv. 4. 606 $aEthnology$xFieldwork 606 $aPhysical anthropology$xFieldwork 606 $aPrimates$xFieldwork 606 $aPrimatology 615 0$aEthnology$xFieldwork. 615 0$aPhysical anthropology$xFieldwork. 615 0$aPrimates$xFieldwork. 615 0$aPrimatology. 676 $a599.9 701 $aFuentes$b Agustin$01123665 701 $aMacClancy$b Jeremy$0847582 801 0$bMiAaPQ 801 1$bMiAaPQ 801 2$bMiAaPQ 906 $aBOOK 912 $a9910789692003321 996 $aCentralizing fieldwork$93790664 997 $aUNINA LEADER 01660nam0 22003733i 450 001 VIA0097327 005 20251003044441.0 010 $a8877507527 100 $a20021022d2002 ||||0itac50 ba 101 | $aita 102 $ait 181 1$6z01$ai $bxxxe 182 1$6z01$an 183 1$6z01$anc$2RDAcarrier 200 1 $aValutazione dell'impatto ambientale$ele nuove frontiere$fa cura di Virginio Bettini$gcontributi di Teresa Amador ... [et al.] 210 $aTorino$cUtet libreria$dc2002 215 $aXII, 426 p.$cill.$d24 cm. 225 | $aEcologia 314 $aSC/ 29/09/03$9CFIV036165 410 0$1001CFI0539222$12001 $aEcologia 606 $aImpatto ambientale$xValutazione$2FIR$3MILC045116$9I 676 $a333.7$9ECONOMIA DELLE RISORSE NATURALI ED ENERGIA$v12 676 $a333.7$9Economia della terra (Economia fondiaria) e dell'energia. Terra, aree per attivitą ricreative e aree allo stato naturale, energia$v14 676 $a333.714$9$v20 702 1$aBettini$b, Virginio$3CFIV036165 702 1$aAmador$b, Teresa$3VIAV107257 801 3$aIT$bIT-000000$c20021022 850 $aIT-BN0095 901 $bNAP 01$cSALA $n$ 912 $aVIA0097327 950 0$aBiblioteca Centralizzata di Ateneo$b1 v. in due copie$cv. 1-1 bis$d 01SALA 333.7 VAL.am$e 0104 0000014765 VMA 1 v.$fA $h20100126$i20100126$b1 v. in due copie$cv. 1-1 bis$d 01SALA 333.7 VAL.am$e 0104 0000014775 VMA (bis 1 v. (2 copia)$fA $h20100126$i20100126 977 $a 01 996 $aValutazione dell'impatto ambientale$9108864 997 $aUNISANNIO